Joueurs passés par le Stade Rennais - Mort subite - Statistiques

Statistiques générales
  • Ce quiz a été pris 473 fois
  • Le résultat moyen est 15 sur 20
Answers on the Grid
Answers color-coded by a green-red scale on the quiz's grid according to % correct below.
Sylvain Marveaux
Steve Mandanda
Ludovic Blas
Seko Fofana
Alexander Frei
Sacha Boey
Eduardo Camavinga
Mathys Tel
Raphinha
Ousmane Dembélé
Désiré Doué
Baptiste Santamaria
Serhou Guirassy
Arthur Theate
Petr Čech
Nemanja Matić
Amine Gouiri
Paul-Georges Ntep
Asamoah Gyan
Wahbi Khazri
Benjamin Lecomte
Benjamin Pavard
Florent Balmont
Armstrong Oko-Flex
Aaron Ramsey
Olivier Giroud
Rafael Leão
Lucas Tousart
Leonardo Bonucci
Morgan Schneiderlin
Mattéo Guendouzi
Bartosz Bereszyński
Bryan Mbeumo
Hidetoshi Nakata
Valère Germain
Jonathan Clauss
 
Statistiques - réponses
Réponse % Correct
Eduardo Camavinga
88%
Steve Mandanda
88%
Désiré Doué
87%
Ousmane Dembélé
87%
Amine Gouiri
85%
Ludovic Blas
85%
Raphinha
85%
Arthur Theate
82%
Seko Fofana
82%
Baptiste Santamaria
81%
Mathys Tel
81%
Paul-Georges Ntep
81%
Serhou Guirassy
80%
Nemanja Matić
79%
Petr Čech
79%
Alexander Frei
69%
Sacha Boey
68%
Wahbi Khazri
62%
Sylvain Marveaux
50%
Asamoah Gyan
44%
Aucun quiz correspondant
Distribution des résultats
% des personnes avec chaque résultat
Percentile par nombre de réponses
Votre historique - résultats
Vous n’avez pas pris ce quiz